000 01150nam a22001817a 4500
003 SISC
005 20160617171227.0
008 160616b xxu||||| |||| 00| 0 eng d
020 _a9789814512695
050 _aQA43 L912 2014
245 _aSecondary two express mathematics examination papers /
_cY. T. Low.
250 _a2nd ed.
260 _aSingapore :
_bEducational Publishing House ;
_c2014.
300 _a164 p. :
_bill. ;
_c26 cm.
520 _aMathematics Examination Papers is specially written according to the latest guidelines issued by the Ministry of Education. It provides a comprehensive coverage of the topics taught in the Express stream. It comprises 8 sets of examination practice papers to familiarise students with the types of questions commonly set in the examinations. Each set of examination practice paper contains Paper 1 and Paper 2. Students will gain confidence and do well in their examinations and tests after working through all questions in this book. Full worked solutions are provided to facilitate self-checking or marking.
650 _aMathematics--Examinations--Periodicals.
942 _2lcc
_cBK
999 _c295949
_d295949